Days Consonants Quiz Stats

 Plays Quiz Updated Jun 9, 2017

Support Sporcle.
Go Orange.
Score 0/9 Timer 00:30
2 Plays Today
% Correct
???
97.2%
???
96.7%
???
96.6%
???
94.4%
???
93.6%
???
89.7%
???
89.7%
???
89.2%
???
81%

You're not logged in!

Compare scores with friends on all Sporcle quizzes.
OR
Log In
Forgot?

From the Vault

1960s Match-Up

by khands

Pull out your lava lamps, this is the quiz the hippies have been waiting for!
Remove Ads.
Support Sporcle.
Get the best of Sporcle when you Go Orange. This ad-free experience offers more features, more stats, and more fun while also helping to support Sporcle. Thank you for becoming a member.

Show Comments

Extras

Top Quizzes Today


Score Distribution

Your Account Isn't Verified!

In order to create a playlist on Sporcle, you need to verify the email address you used during registration. Go to your Sporcle Settings to finish the process.

Report this User

Report this user for behavior that violates our Community Guidelines.

Details: